| 000 | 00401nam a2200133Ia 4500 | ||
|---|---|---|---|
| 008 | 170516s9999 xx 000 0 und d | ||
| 245 | _aCalculating the compensating dose in fractionation radiotherapy | ||
| 260 | _bJournal of Radiobiology | ||
| 260 | _c2015 | ||
| 300 | _a2:2 | ||
| 650 | _xRadiologic Technology | ||
| 650 | _xRadtech | ||
| 856 | _uhttp://nikanrescorp.com/index.php/JRB/issue/view/12 | ||
| 999 |
_c332209 _d332209 |
||